书目信息 |
| 题名: |
点起结构主义的明灯--丹 凯利
|
|
| 作者: | 夏建统 编著 | |
| 分册: | ||
| 出版信息: | 北京 中国建筑工业出版社 2001.11 |
|
| 页数: | 215页 | |
| 开本: | 26cm | |
| 丛书名: | ||
| 单 册: | ||
| 中图分类: | TU-881.712 | |
| 科图分类: | ||
| 主题词: | 建筑艺术--图集 | |
| 电子资源: | ||
| ISBN: | 7-112-04723-4 | |
| 000 | 00608nam0 2200193 45 | |
| 001 | 0241411755 | |
| 005 | 2002110411301175 | |
| 010 | @a7-112-04723-4@dRMB 130.00 | |
| 100 | @a20021104d2001 km y0chiy0120 ea | |
| 101 | 0 | @achi |
| 102 | @aCN@b110000 | |
| 200 | 1 | @a点起结构主义的明灯--丹 凯利@ADian Qi Jie Gou Zhu Yi De Ming Deng--Dan Kai Li@f夏建统编著@FXia Jian Tong Bian Zhu |
| 210 | @a北京@c中国建筑工业出版社@d2001.11 | |
| 215 | @a215页@d26cm | |
| 606 | 0 | @a建筑艺术@x图集 |
| 690 | @aTU-881.712@v3 | |
| 701 | 0 | @a夏建统@AXia Jian Tong@4编著 |
| 801 | 0 | @aCN@bPFT@c20021104 |
| 905 | @a10447@dTU-881.712@eX188 | |
| 点起结构主义的明灯--丹 凯利/夏建统编著.-北京:中国建筑工业出版社,2001.11 |
| 215页;26cm |
| ISBN 7-112-04723-4:RMB 130.00 |
| ● |
| 相关链接 |
|
|
|
正题名:点起结构主义的明灯--丹 凯利
索取号:TU-881.712/X188
 
预约/预借
| 序号 | 登录号 | 条形码 | 馆藏地/架位号 | 状态 | 备注 |
| 1 | 369873 | 203698739 | 建筑库101/101建筑库 23排3列1层/ [索取号:TU-881.712/X188] | 在馆 | |
| 2 | 369874 | 203698748 | 建筑库101/101建筑库 23排3列1层/ [索取号:TU-881.712/X188] | 在馆 |